| 000 | 00869nam a22002057a 4500 | ||
|---|---|---|---|
| 003 | BD-DhUL | ||
| 005 | 20160905144154.0 | ||
| 008 | 160905s1993 bg | ||| |||| 000 0 ben d | ||
| 040 |
_aBD-DhUL _cBD-DhUL |
||
| 082 |
_a959.8 _bANI |
||
| 100 | 1 | _aআনসারী, মুসা | |
| 245 | 1 | 0 |
_aইন্দোনেশিয়া ও মালয়েশিয়ার ঐতিহাসিক ক্রমবিকাশ / _cমুসা আনসারী |
| 260 |
_aঢাকা : _bবাংলাএকাডেমী, _c১৯৯৩. |
||
| 300 |
_a (২৮), ৩৪২ পৃ. ; _c২২ সে.মি. |
||
| 365 |
_aBDT _b130.00 |
||
| 504 | _aগ্রন্থপঞ্জী ও নির্ঘন্ট সম্বলিত | ||
| 650 | 0 | _aইন্দোনেশিয়া- ইতিহাস | |
| 650 | 0 | _aIndonesiya History | |
| 942 |
_2ddc _cBK |
||
| 999 |
_c104193 _d104193 |
||